Statistics for Prodigy Quiz #1

Click here to take the quiz!

General Stats

  • This quiz has been taken 25 times
  • The average score is 8 of 14

Answer Stats

HintAnswer% Correct
Name one of the two planets (in our solar system) that have no moonsVenus or Mercury
94%
What does A^2 + B^2 equal?C^2
89%
So far, which continent has hosted the most Olympic Games?Europe
89%
What is the smallest country in the world?Vatican City
89%
What is the only mammal that can fly?A bat
78%
In what year did Napoleon suffer his defeat at Waterloo?1815
61%
A humming housefly hums at what pitch?F
56%
How many bones are in the human (adult) body?206
50%
What nationality did Cleopatra belong to?Greek
50%
Name the center of a black holeThe Singularity
44%
In what year was the Eiffel Tower finished?1889
39%
Atropos, Lachesis, and Clotho are the names of what in Greek Mythology?The Fates
28%
What is the name of Pluto's largest moon?Charon
22%
Nephelococcygia is the act of finding what?Shapes in clouds
6%

Score Distribution

Percentile by Number Answered

Percent of People with Each Score

Your Score History

You have not taken this quiz